01336nam a2200313Ia 450000500170000000800410001702000180005810000260007624501000010225000370020230000510023949000110029050000330030150501190033465000510045365000510050465000360055565000480059170000290063974001570066894200150082526400330084033600270087333700330090033800280093304000350096108400110099699900150100720220317001133.0160825s2008 ck a g 000 0 spa  a97895830030121 aRomán, Celsod1947-14aLos animales domésticos y electrodomésticoscCelso Román ; ilustrado por Henry González a1a edición b8a reimpresión  a71 páginas bilustraciones en color c20 cm  aCorcel aIncluye datos biográficos  aLos que habitan la sala y el comedor -- Los que habitan el patio y el cuarto de ropas -- Los que habitan la cocina142LEMBaCuentos Infantiles ColombianosySiglo XX142LEMBaLiteratura infantil colombianaySiglo XX142LEMBaAnimales en la literatura142LEMB aElectrodomésticos en la literatura1 aGonzález, Henry91075542aLos que habitan la sala y el comedor aLos que habitan el patio y el cuarto de ropas aLos que habitan la alcoba y el baño aLos que habitan la cocina 2loccBKINF aBogotábPanamericanac2008 atextobtxt2rdacontent asin mediaciónbn2rdamedia avolumenbnc2rdacarrier aCO-BoRNBPbspaerdacCO-BoRNBP aC ROM1 c6037d6037